000 00552cab a2200205 4500
001 X3335
008 090401t1996 xxu||||| |||| 00| 0 eng d
035 _a(Sirsi) u29833
041 _aeng
245 _aHow investment valuation has developed since Mallinson
260 _c1996
350 _a0
490 _aCSM (Chartered Surveyor Monthly)
_v5(5) February 1996, 24(1)
650 _aDISCOUNTED CASH FLOW
650 _aINVESTMENT VALUATION
650 _aMALLINSON REPORT
690 _aRATING AND VALUATION
942 _n0
948 _c04/03/1997
999 _c20069
_d20069